[Event "IECC M email"]
[Site "IECC email"]
[Date "1998.05.23"]
[Round "?"]
[White "Koster, Tom"]
[Black "Roberson, Chase"]
[Result "1-0"]
[WhiteElo "1900"]
[BlackElo "1900"]
[PlyCount "21"]
[EventDate "1998.??.??"]
[EventType "tourn (corr)"]
[EventRounds "12"]
[SourceTitle "Corr 2008"]
[Source "ChessBase"]
[SourceDate "2008.06.24"]
[SourceVersion "1"]
[SourceVersionDate "2008.06.24"]
[SourceQuality "1"]

1. e4 c5 2. Nc3 Nc6 3. Nge2 g6 4. d4 cxd4 5. Nxd4 Bg7 6. Be3 Nf6 7. Bc4 Nxe4 8. Nxe4 d5 9. Bb5 dxe4 10. Nxc6 Qxd1+ 11. Rxd1 1-0